000 00401nam a22001337a 4500
005 20260323102705.0
008 260323b |||||||| |||| 00| 0 eng d
040 _cFLL
041 _2eng
_aeng
100 _aYadav, Annu
_91137535
245 _aCritical Analysis of Disparity in Property Rights of Women Under the Hindu Succession Act,1956
260 _aDU
_bFaculty of Law
_c2023
942 _2CC
_cDIS
999 _c1726338
_d1726338